Προσδιορισμός απόδοσης ενός κέντρου παραγωγής - διανομών με αβέβαιο προμηθευτή και στοχαστική (τυχαία) ζήτηση : μεταπτυχιακή διατριβή

Αποθηκεύτηκε σε:
Λεπτομέρειες βιβλιογραφικής εγγραφής
Κύριος συγγραφέας: Γαλανός, Ελευθέριος
Συγγραφή απο Οργανισμό/Αρχή: Πανεπιστήμιο Αιγαίου Σχολή Επιστημών της Διοίκησης Τμήμα Διοίκησης Επιχειρήσεων Πρόγραμμα Μεταπτυχιακών Σπουδών στη Διοίκηση Επιχειρήσεων - M.B.A
Άλλοι συγγραφείς: Βιδάλης, Μιχάλης (Εισηγητής διατριβής)
Μορφή: Thesis Βιβλίο
Γλώσσα:Greek
Δημοσίευση: 2013
Θέματα:
Διαθέσιμο Online:http://hdl.handle.net/11610/13632
Ετικέτες: Προσθήκη ετικέτας
Δεν υπάρχουν, Καταχωρήστε ετικέτα πρώτοι!

MARC

LEADER 00000cam a2200000 i 4500
001 1/48854
008 140605s2013 gre d
035 |l 10117897 
040 |a GR-MY-UA  |b gre  |e aacr 
041 0 |a gre 
082 0 |a 658.40028553  |2 (23) 
100 1 |a Γαλανός, Ελευθέριος. 
245 1 0 |a Προσδιορισμός απόδοσης ενός κέντρου παραγωγής - διανομών με αβέβαιο προμηθευτή και στοχαστική (τυχαία) ζήτηση :  |b μεταπτυχιακή διατριβή /  |c Ελευθέριος Γαλανός ; επιβλέπων: Βιδάλης Μιχαήλ 
260 |c 2013 
300 |a 113 σ.;  |b πίν., διαγρ.;  |c 30 εκ. 
502 # # |a Διατριβή (μεταπτυχιακή) – Πανεπιστήμιο Αιγαίου, Χίος, 2013. 
504 |a Βιβλιογραφία: σ.113 
650 0 0 |a Business logistics  |x Mathematical models. 
650 0 0 |a Production management  |x Mathematical models. 
650 0 0 |a Dissertations, Academic  |z Greece. 
700 1 |a Βιδάλης, Μιχάλης.  |4 ths 
710 1 |a Πανεπιστήμιο Αιγαίου  |b Σχολή Επιστημών της Διοίκησης  |b Τμήμα Διοίκησης Επιχειρήσεων  |b Πρόγραμμα Μεταπτυχιακών Σπουδών στη Διοίκηση Επιχειρήσεων - M.B.A. 
852 |a INST  |b CHIOS  |c DIATR  |e 20140605  |h 658.40028553 ΓΑΛ  |p 005200036381  |q 005200036381  |t MTXE  |y 23 
852 |a INST  |b CHIOS  |c DIATR  |e 20140605  |h 658.40028553 ΓΑΛ  |p 005200036382  |q 005200036382  |t MTXE  |y 23 
856 |u http://hdl.handle.net/11610/13632 
901 |a BIBL2-2014-2 
909 |a Χ  |b 180758 
909 |a Χ  |b 180765 
924 |a ΓΑΛΑΝΟΣ  |b ΕΛΕΥΘΕΡΙΟΣ  |y ΧΙΟΣ  |z 2013-11 
970 |a ΣΑΛΑΜΟΥΡΑ  |b ΜΑΡΙΑ  |z 2014/06/05